书目信息 |
| 题名: |
射流技术
|
|
| 作者: | ;《射流技术简介》编写组 编 | |
| 分册: | ||
| 出版信息: | 北京 科学出版社 1970 |
|
| 页数: | 42页 | |
| 开本: | 20cm | |
| 丛书名: | 新技术简介丛书 | |
| 单 册: | ||
| 中图分类: | TP6 | |
| 科图分类: | ||
| 主题词: | 射流技术 | |
| 电子资源: | ||
| ISBN: | ||
| 000 | 00645nam0 2200217 450 | |
| 001 | 0635208011 | |
| 005 | 20060811164056.15 | |
| 010 | @dCNY0.12 | |
| 100 | @a20060517d1970 km y0chiy0120 ea | |
| 101 | 0 | @achi |
| 102 | @aCN@b110000 | |
| 200 | 1 | @a射流技术@Ashe liu ji shu@f《射流技术简介》编写组编@F《she liu ji shu jian jie》bian xie zu bian |
| 210 | @a北京@c科学出版社@d1970 | |
| 215 | 1 | @a42页@d20cm |
| 225 | 2 | @a新技术简介丛书 |
| 410 | 0 | @12001 @a新技术简介丛书 |
| 606 | 0 | @a射流技术 |
| 690 | @aTP6@v4 | |
| 711 | 0 | @a《射流技术简介》编写组@A《she liu ji shu jian jie》bian xie zu@4编 |
| 801 | 0 | @aCN@bPFT@c20060811 |
| 905 | @a10447@dTP6@e5 | |
| 射流技术/《射流技术简介》编写组编.-北京:科学出版社,1970 |
| 42页;20cm.-(新技术简介丛书) |
| ISBN :CNY0.12 |
| ● |
| 相关链接 |
|
|
|
|
正题名:射流技术
索取号:TP6/5
 
预约/预借
| 序号 | 登录号 | 条形码 | 馆藏地/架位号 | 状态 | 备注 |
| 1 | 0015818 | 202347415 | 密集书库/ [索取号:TP6/5] | 在馆 | |
| 2 | 0452278 | 204522784 | 密集书库/ [索取号:TP6/5] | 在馆 |